000 00686nam a2200253Ia 4500
003 OSt
005 20221005093744.0
006 a|||||r|||| 00| 0
007 ta
008 221004b |||||||| |||| 00| 0 eng d
024 _a29652
037 _cTextual
040 _aCRL
_cCRL
_beng
041 _2eng
_aeng
082 _aK:59(P111:4k), M6
100 _aHarre Rom Ed.
245 0 _aDictionary of ethology and animal learning
260 _aOxford
_bBasil Blackwell
_c1986
300 _a171p
_ccm.
650 _aZOOLOGY
700 _a Lamb Roger Ed.
942 _hK:59(P111:4k), M6
_cTEXL
_2cc
999 _c1000899
_d1000899